<?xml version="1.0" encoding="UTF-8"?><?xml-stylesheet type="text/xsl" href="static/style.xsl"?><OAI-PMH xmlns="http://www.openarchives.org/OAI/2.0/" xmlns:xsi="http://www.w3.org/2001/XMLSchema-instance" xsi:schemaLocation="http://www.openarchives.org/OAI/2.0/ http://www.openarchives.org/OAI/2.0/OAI-PMH.xsd"><responseDate>2026-04-28T19:17:38Z</responseDate><request verb="GetRecord" identifier="oai:uvadoc.uva.es:10324/61841" metadataPrefix="marc">https://uvadoc.uva.es/oai/request</request><GetRecord><record><header><identifier>oai:uvadoc.uva.es:10324/61841</identifier><datestamp>2023-11-24T07:57:48Z</datestamp><setSpec>com_10324_38</setSpec><setSpec>col_10324_785</setSpec></header><metadata><record xmlns="http://www.loc.gov/MARC21/slim" xmlns:doc="http://www.lyncode.com/xoai" xmlns:xsi="http://www.w3.org/2001/XMLSchema-instance" xmlns:dcterms="http://purl.org/dc/terms/" xsi:schemaLocation="http://www.loc.gov/MARC21/slim http://www.loc.gov/standards/marcxml/schema/MARC21slim.xsd">
<leader>00925njm 22002777a 4500</leader>
<datafield tag="042" ind1=" " ind2=" ">
<subfield code="a">dc</subfield>
</datafield>
<datafield tag="720" ind1=" " ind2=" ">
<subfield code="a">Nieto Caviedes, Sergio</subfield>
<subfield code="e">author</subfield>
</datafield>
<datafield tag="260" ind1=" " ind2=" ">
<subfield code="c">2023</subfield>
</datafield>
<datafield tag="520" ind1=" " ind2=" ">
<subfield code="a">El PGOU de &#xd;
Valladolid en su aprobación definitiva en el año 2020, propone &#xd;
la eliminación de todo el ámbito de los Talleres de Renfe con &#xd;
el fin de crear un conjunto residencial.&#xd;
En contraposición al encapsulamiento de los elementos &#xd;
catalogados por el PGOU, la intervención urbana de este &#xd;
proyecto pretende recuperar el espacio urbano de los talleres, &#xd;
a través de la rehabilitación y cambio de uso de los edificios &#xd;
existentes.</subfield>
</datafield>
<datafield tag="024" ind2=" " ind1="8">
<subfield code="a">https://uvadoc.uva.es/handle/10324/61841</subfield>
</datafield>
<datafield ind1=" " ind2=" " tag="653">
<subfield code="a">Arquitectura industrial - Conservación y restauración</subfield>
</datafield>
<datafield ind1=" " ind2=" " tag="653">
<subfield code="a">Talleres de RENFE (Valladolid, España) - Conservación y restauración</subfield>
</datafield>
<datafield ind1=" " ind2=" " tag="653">
<subfield code="a">Escuela de moda, diseños y oficios asociados (Valladolid, España)</subfield>
</datafield>
<datafield tag="245" ind1="0" ind2="0">
<subfield code="a">Escuela de moda, diseño y oficios asociados</subfield>
</datafield>
</record></metadata></record></GetRecord></OAI-PMH>